| 000 | 00613nam a2200241Ia 4500 | ||
|---|---|---|---|
| 008 | 171025s9999 xx 000 0 und d | ||
| 020 | _a9789380540979 | ||
| 050 | _a910 | ||
| 050 | _bC552 2010 | ||
| 100 | _aChoudhary, Vikas | ||
| 245 | _aInternational tourism and sustainable development / | ||
| 245 | _cby Vikas Choudhary. | ||
| 250 | _aFirst edition | ||
| 260 | _aNew Delhi : | ||
| 260 | _bCentrum Press, | ||
| 260 | _c2010 | ||
| 300 | _aviii, 240 pages : | ||
| 300 | _billustrations ; | ||
| 300 | _c21cm. | ||
| 500 | _aIncludes index. | ||
| 650 | _aSustainable tourism. | ||
| 700 | _aTitle. | ||
| 999 |
_c344482 _d344482 |
||